Impact of family environment on early childhood education / (Record no. 37978)

MARC details
000 -LEADER
fixed length control field 00808nam a22002057a 4500
005 - DATE AND TIME OF LATEST TRANSACTION
control field 20100727160449.0
010 ## - LCCN (DPL NO)
LC control number ENG-97014
020 ## - INTERNATIONAL STANDARD BOOK NUMBER
International Standard Book Number 8183160727
Terms of availability 550.00
035 ## - SYSTEM CONTROL NUMBER
System control number EN-80547
037 ## - SOURCE OF ACQUISITION
Source of stock number/acquisition DBAD/PUB
082 ## - DEWEY DECIMAL CLASSIFICATION NUMBER
Classification number 372.210954133
100 ## - MAIN ENTRY--PERSONAL NAME
Personal name Mohapatra, Damodar
245 ## - TITLE STATEMENT
Title Impact of family environment on early childhood education /
Statement of responsibility, etc Damodar Mohapatra [and] Leena Mohapatra
260 ## - PUBLICATION, DISTRIBUTION, ETC. (IMPRINT)
Place of publication, distribution, etc New Delhi
Name of publisher, distributor, etc Neelkamal Publications
Date of publication, distribution, etc 2006
270 ## - ADDRESS
Address BG5/9B, Paschim Vihar
City New Delhi
Postal code 110063
300 ## - PHYSICAL DESCRIPTION
Extent xvi, 261.
Dimensions 22cm (Hb)
500 ## - GENERAL NOTE
General note includes bibliographic index
942 ## - ADDED ENTRY ELEMENTS (KOHA)
Source of classification or shelving scheme Dewey Decimal Classification
Item type English Books
Classification part 372.210954133
Call number suffix MOH
Holdings
Withdrawn status Lost status Not for loan Collection code Home library Current library Date acquired Source of acquisition Cost, normal purchase price Full call number Barcode Copy number Cost, replacement price Koha item type
    Not For Loan Non-fiction D.B.Act.Division D.B.Act.Division 27/07/2010 DBAD/PUB 550.00 372.210954133 MOH EN-80547 1 550.00 English Books

© Delhi Public Library
Hit Counter
free hit counter